[Event "Ïåðâåíñòâî Ìîñêâû"]
[Site "ÐœÐ¾Ñ�ÐºÐ²Ð°"]
[Date "2017.11.18"]
[Round "8.2"]
[White "Strukova, Ksenia"]
[Black "Badzgaradze, Elena"]
[Result "1/2-1/2"]
[WhiteElo "2052"]
[BlackElo "1902"]
[PlyCount "96"]
[EventDate "2017.11.11"]

1. e4 e5 2. Nf3 Nc6 3. Bc4 Bc5 4. c3 Nf6 5. d3 d6 6. Nbd2 O-O 7. Bb3 Ne7 8. h3
Ng6 9. O-O c6 10. Re1 h6 11. Nf1 a5 12. Ng3 b5 13. a4 b4 14. d4 Bb6 15. cxb4
axb4 16. dxe5 dxe5 17. Qc2 Bb7 18. Nf5 Qc7 19. Bd2 c5 20. Rac1 Rac8 21. Qb1 Qd7
22. Bc2 b3 23. Bxb3 Nxe4 24. Rxe4 Qxf5 25. Rg4 Qxb1 26. Rxb1 Kh7 27. Nh4 Ne7
28. a5 Bd8 29. Ra4 e4 30. a6 Bc6 31. g4 Bxa4 32. Bxa4 g5 33. Ng2 Nd5 34. a7 Bb6
35. Bc2 Rfe8 36. f3 Nf6 37. Bc3 Kg7 38. fxe4 Bxa7 39. Rf1 c4+ 40. Kh1 Re6 41.
Ra1 Bb8 42. Ra8 Rf8 43. Ne3 Be5 44. Nf5+ Kg8 45. Nxh6+ Kg7 46. Nf5+ Kg8 47.
Nh6+ Kg7 48. Nf5+ Kg8 1/2-1/2

[Event "Ïåðâåíñòâî Ìîñêâû"]
[Site "ÐœÐ¾Ñ�ÐºÐ²Ð°"]
[Date "2017.11.18"]
[Round "8.3"]
[White "Ilyina, Lada"]
[Black "Minko, Olga"]
[Result "1/2-1/2"]
[WhiteElo "1736"]
[BlackElo "1775"]
[PlyCount "51"]
[EventDate "2017.11.11"]

1. e4 e5 2. Nf3 Nc6 3. Bc4 Nf6 4. d3 h6 5. O-O g6 6. d4 exd4 7. e5 Nh7 8. Nxd4
Bg7 9. f4 Nxd4 10. Qxd4 d6 11. Qe4 Bf5 12. Qe2 dxe5 13. Rd1 Qe7 14. g4 Bxg4 15.
Qxg4 Qc5+ 16. Kh1 Qxc4 17. Qd7+ Kf8 18. fxe5 Qe4+ 19. Kg1 Ng5 20. Bxg5 hxg5 21.
Rf1 Qe3+ 22. Rf2 Qe1+ 23. Rf1 Qe3+ 24. Rf2 Qe1+ 25. Rf1 Qe3+ 26. Rf2 1/2-1/2

[Event "Ïåðâåíñòâî Ìîñêâû"]
[Site "ÐœÐ¾Ñ�ÐºÐ²Ð°"]
[Date "2017.11.18"]
[Round "8.4"]
[White "Shmidt, Kseniya"]
[Black "Zaitseva, Lyudmila"]
[Result "1/2-1/2"]
[WhiteElo "1511"]
[BlackElo "1875"]
[PlyCount "71"]
[EventDate "2017.11.11"]

1. d4 Nf6 2. c4 g6 3. Nc3 Bg7 4. e4 d6 5. f3 O-O 6. Be3 Nbd7 7. Qd2 c5 8. Nge2
b6 9. Bh6 Bxh6 10. Qxh6 Ba6 11. b3 b5 12. cxb5 Bxb5 13. Nxb5 Qa5+ 14. Nbc3 cxd4
15. b4 Qxb4 16. Rb1 Qc4 17. Nd1 Qxa2 18. Rb2 Qa4 19. Qd2 e5 20. Nc1 Rab8 21.
Ra2 Qc6 22. Rxa7 Rb1 23. Nd3 d5 24. exd5 Nxd5 25. Be2 Ne3 26. Kf2 Rfb8 27. Re1
f5 28. Qa2+ Kh8 29. Nxe3 dxe3+ 30. Kf1 Rxe1+ 31. Nxe1 Kg7 32. Kg1 Kf8 33. Kf1
Kg7 34. Kg1 Kf8 35. Kf1 Kg7 36. Kg1 1/2-1/2

[Event "Ïåðâåíñòâî Ìîñêâû"]
[Site "ÐœÐ¾Ñ�ÐºÐ²Ð°"]
[Date "2017.11.18"]
[Round "8.5"]
[White "Chapanidze, Julia"]
[Black "Ivanova, Maria"]
[Result "1-0"]
[WhiteElo "1406"]
[BlackElo "1514"]
[PlyCount "91"]
[EventDate "2017.11.11"]

1. e4 c5 2. Nf3 e6 3. d4 cxd4 4. Nxd4 Nc6 5. c4 d6 6. Be2 Nf6 7. Nc3 Be7 8. O-O
O-O 9. Nc2 b6 10. Ne3 Bb7 11. Qd3 a6 12. a3 Qc7 13. b4 Rfd8 14. Bb2 Ne5 15. Qd4
Nc6 16. Qd3 Ne5 17. Qc2 Rd7 18. f4 Nc6 19. g3 Rad8 20. Rad1 Qc8 21. Bf3 b5 22.
cxb5 axb5 23. Qd3 Qa8 24. Qxb5 Ba6 25. Qa5 Bxf1 26. Qxa8 Rxa8 27. e5 Nd5 28.
Ncxd5 exd5 29. Bxd5 Rb8 30. e6 Ra7 31. exf7+ Kf8 32. Kxf1 Nd8 33. Nf5 Nxf7 34.
Bxg7+ Ke8 35. Nxe7 Kxe7 36. Re1+ Kd7 37. Bxf7 Rxa3 38. f5 Rxb4 39. Be6+ Kc7 40.
f6 Rf3+ 41. Kg2 Rd3 42. f7 Rd2+ 43. Kh3 Rb8 44. Rc1+ Kb7 45. Rb1+ Ka7 46. Rxb8
1-0

[Event "Ïåðâåíñòâî Ìîñêâû"]
[Site "ÐœÐ¾Ñ�ÐºÐ²Ð°"]
[Date "2017.11.18"]
[Round "8.6"]
[White "Kozenets, Alla"]
[Black "Panina, Sofya"]
[Result "1/2-1/2"]
[WhiteElo "1491"]
[BlackElo "1310"]
[PlyCount "74"]
[EventDate "2017.11.11"]

1. e4 e5 2. Nf3 Nc6 3. Bb5 a6 4. Ba4 d6 5. h3 f5 6. exf5 Bxf5 7. d3 g6 8. a3
Bg7 9. Nc3 Nf6 10. O-O O-O 11. Bb3+ Kh8 12. Bg5 Qd7 13. Re1 Rae8 14. Ne4 h6 15.
Nxf6 Bxf6 16. Bxh6 Bg7 17. Bxg7+ Kxg7 18. Ng5 Nd4 19. Ba2 Ne6 20. Nxe6+ Bxe6
21. Bxe6 Qxe6 22. Re3 Rf6 23. Rg3 Ref8 24. f3 d5 25. Kh2 e4 26. dxe4 dxe4 27.
fxe4 Qxe4 28. Qd3 Qxd3 29. Rxd3 Rf2 30. Rc3 c6 31. Rd1 R8f7 32. Rdd3 Re2 33.
Re3 Rd2 34. Red3 Re2 35. Re3 Rd2 36. Red3 Re2 37. Re3 Rd2 1/2-1/2

[Event "Ïåðâåíñòâî Ìîñêâû"]
[Site "ÐœÐ¾Ñ�ÐºÐ²Ð°"]
[Date "2017.11.18"]
[Round "8.8"]
[White "Nilova, Nadezhda"]
[Black "Glukhova, Varvara"]
[Result "1/2-1/2"]
[WhiteElo "1318"]
[BlackElo "1391"]
[PlyCount "82"]
[EventDate "2017.11.11"]

1. e4 e5 2. Nf3 Nc6 3. Bc4 Nf6 4. Ng5 d5 5. exd5 Na5 6. Bb5+ c6 7. dxc6 bxc6 8.
Be2 h6 9. Nf3 e4 10. Ne5 Bd6 11. d4 exd3 12. Nxd3 O-O 13. O-O Be6 14. Ne1 Bc7
15. Qxd8 Rfxd8 16. Bf3 Bd5 17. Be3 Bb6 18. Bxd5 cxd5 19. c4 dxc4 20. Nc3 Nc6
21. b3 cxb3 22. axb3 g5 23. Nc2 Re8 24. Rad1 Rad8 25. Kh1 Kh8 26. Na4 Bxe3 27.
Nxe3 Rxd1 28. Rxd1 Rd8 29. Rxd8+ Nxd8 30. f3 Nb7 31. b4 a5 32. bxa5 Nxa5 33.
Nc5 Kh7 34. g3 Kg6 35. Kg2 h5 36. Nd3 Nc6 37. f4 gxf4 38. Nxf4+ Kg5 39. Kf3
Ne5+ 40. Kg2 Neg4 41. Nxg4 Nxg4 1/2-1/2

[Event "Ïåðâåíñòâî Ìîñêâû "]
[Site "ÐœÐ¾Ñ�ÐºÐ²Ð°"]
[Date "2017.11.19"]
[Round "9.1"]
[White "Minko, Olga"]
[Black "Afanasieva, Alexandra"]
[Result "0-1"]
[WhiteElo "1775"]
[BlackElo "2103"]
[PlyCount "60"]
[EventDate "2017.11.11"]

1. e4 c5 2. Nf3 Nc6 3. d4 cxd4 4. Nxd4 Nf6 5. Nc3 d6 6. Bg5 e6 7. Qd2 a6 8.
O-O-O h6 9. Bxf6 gxf6 10. f4 Bd7 11. g3 Rc8 12. Nxc6 Bxc6 13. Bg2 Qa5 14. Kb1
Be7 15. Rhe1 Kf8 16. f5 h5 17. h4 Qe5 18. Re3 Rg8 19. Ne2 Rg4 20. Nf4 Ba4 21.
b3 Bc6 22. Bh3 Bxe4 23. Nd3 Qxf5 24. Bxg4 hxg4 25. Rde1 d5 26. Kb2 Bd6 27. R1e2
Be5+ 28. Kb1 Bc3 29. Qc1 Bd4 30. Rxe4 dxe4 {íå ïîíÿòíî} 0-1

[Event "Ïåðâåíñòâî Ìîñêâû "]
[Site "ÐœÐ¾Ñ�ÐºÐ²Ð°"]
[Date "2017.11.19"]
[Round "9.2"]
[White "Badzgaradze, Elena"]
[Black "Ilyina, Lada"]
[Result "0-1"]
[WhiteElo "1902"]
[BlackElo "1736"]
[PlyCount "90"]
[EventDate "2017.11.11"]

1. d4 Nf6 2. c4 c5 3. d5 b5 4. Nd2 g6 5. e4 d6 6. Ngf3 Bg7 7. cxb5 a6 8. bxa6
O-O 9. Bc4 Bxa6 10. Qc2 Qb6 11. O-O Nbd7 12. Rb1 Ng4 13. a3 Nge5 14. Nxe5 Nxe5
15. b3 Rfb8 16. h3 Qa5 17. Bxa6 Qxa6 18. Bb2 Qd3 19. Qxd3 Nxd3 20. Bxg7 Kxg7
21. Nc4 Rb5 22. f4 Rab8 23. Nd2 e5 24. dxe6 fxe6 25. Rf3 c4 26. Nxc4 Rxb3 27.
Rxb3 Rxb3 28. Kh2 d5 29. exd5 exd5 30. Ne5 Nc5 31. Rxb3 Nxb3 32. Nd3 Kf6 33. g4
Ke6 34. Kg2 d4 35. Kf3 Nd2+ 36. Ke2 Nc4 37. a4 Kd5 38. Nf2 Na5 39. Kd3 Nc4 40.
Nd1 Na5 41. Nb2 Nb7 42. Ke2 Nc5 43. Kf3 Ke6 44. a5 d3 45. Ke3 d2 0-1

[Event "Ïåðâåíñòâî Ìîñêâû "]
[Site "ÐœÐ¾Ñ�ÐºÐ²Ð°"]
[Date "2017.11.19"]
[Round "9.3"]
[White "Shmidt, Kseniya"]
[Black "Strukova, Ksenia"]
[Result "0-1"]
[WhiteElo "1511"]
[BlackElo "2052"]
[PlyCount "46"]
[EventDate "2017.11.11"]

1. d4 Nf6 2. c4 g6 3. Nc3 Bg7 4. e4 d6 5. f3 O-O 6. Be3 a6 7. Qd2 Nc6 8. Nge2
Na5 9. b3 b5 10. cxb5 axb5 11. Nc1 b4 12. Na4 c5 13. Rb1 Bd7 14. Nb2 cxd4 15.
Bxd4 e5 16. Be3 d5 17. Qxb4 Nc6 18. Qd2 dxe4 19. fxe4 Nxe4 20. Qc2 Qh4+ 21. Bf2
Nxf2 22. Qxf2 Qe4+ 23. Qe2 Qxb1 0-1

[Event "Ïåðâåíñòâî Ìîñêâû "]
[Site "ÐœÐ¾Ñ�ÐºÐ²Ð°"]
[Date "2017.11.19"]
[Round "9.4"]
[White "Panina, Sofya"]
[Black "Girshgorn, Maria"]
[Result "1/2-1/2"]
[WhiteElo "1310"]
[BlackElo "1848"]
[PlyCount "60"]
[EventDate "2017.11.11"]

1. d4 Nf6 2. c4 e6 3. Nc3 Bb4 4. Bg5 h6 5. Bh4 b6 6. f3 Bxc3+ 7. bxc3 d5 8. e3
Ba6 9. Qa4+ Qd7 10. Qb3 g5 11. Bg3 Nh5 12. cxd5 Bxf1 13. Kxf1 Nxg3+ 14. hxg3
exd5 15. c4 c6 16. Rc1 Qe6 17. cxd5 cxd5 18. e4 O-O 19. exd5 Qd6 20. Ne2 Rd8
21. Nc3 Qxg3 22. Rxh6 Kg7 23. Rh3 Qf4 24. Ne2 Qd2 25. Rd1 Qa5 26. Nc3 Rc8 27.
Ne2 Rd8 28. Nc3 Rc8 29. Ne2 Rd8 30. Nc3 Rc8 1/2-1/2

[Event "Ïåðâåíñòâî Ìîñêâû "]
[Site "ÐœÐ¾Ñ�ÐºÐ²Ð°"]
[Date "2017.11.19"]
[Round "9.5"]
[White "Zaitseva, Lyudmila"]
[Black "Chapanidze, Julia"]
[Result "1-0"]
[WhiteElo "1875"]
[BlackElo "1406"]
[PlyCount "53"]
[EventDate "2017.11.11"]

1. d4 Nf6 2. c4 d6 3. Nf3 g6 4. Nc3 Bg7 5. e4 O-O 6. Be2 Nc6 7. d5 Na5 8. Rb1
c5 9. a3 b6 10. b4 Nb7 11. h3 Nd7 12. Qc2 Ne5 13. Nxe5 Bxe5 14. Bh6 Bg7 15.
Bxg7 Kxg7 16. O-O f5 17. exf5 Bxf5 18. Bd3 cxb4 19. axb4 Qc7 20. Bxf5 Rxf5 21.
Nb5 Qd7 22. Nd4 Rf6 23. f4 a5 24. f5 Kg8 25. fxg6 Rxg6 26. Ne6 Nd8 27. Rf8# 1-0

[Event "Ïåðâåíñòâî Ìîñêâû "]
[Site "ÐœÐ¾Ñ�ÐºÐ²Ð°"]
[Date "2017.11.19"]
[Round "9.6"]
[White "Kozenets, Alla"]
[Black "Granovskaya, Ekaterina"]
[Result "0-1"]
[WhiteElo "1491"]
[BlackElo "1823"]
[PlyCount "49"]
[EventDate "2017.11.11"]

1. e4 e5 2. Nf3 Nc6 3. Bb5 Nge7 4. h3 a6 5. Ba4 g6 6. d3 Bg7 7. c3 O-O 8. Bg5
h6 9. Be3 d6 10. Qc1 Kh7 11. Nbd2 f5 12. Nf1 Be6 13. Bc2 f4 14. Bd2 d5 15. Qd1
dxe4 16. dxe4 Na5 17. b3 c5 18. Bc1 Qc7 19. Bb2 g5 20. Qe2 Nac6 21. N1d2 b5 22.
c4 Nd4 23. Bxd4 exd4 24. Bd3 Kg8 25. Kd1 {íå ïîíÿòíî} 0-1

[Event "Ïåðâåíñòâî Ìîñêâû "]
[Site "ÐœÐ¾Ñ�ÐºÐ²Ð°"]
[Date "2017.11.19"]
[Round "9.7"]
[White "Ivanova, Maria"]
[Black "Nilova, Nadezhda"]
[Result "1-0"]
[WhiteElo "1514"]
[BlackElo "1318"]
[PlyCount "53"]
[EventDate "2017.11.11"]

1. e4 e5 2. Nf3 Nc6 3. d4 exd4 4. Nxd4 Nf6 5. Nc3 Bb4 6. Nxc6 bxc6 7. Bd3 h6 8.
O-O O-O 9. e5 Bxc3 10. bxc3 Nd5 11. c4 Ne7 12. Qh5 d6 13. Re1 Be6 14. f4 Qd7
15. exd6 cxd6 16. Bb2 Rab8 17. Bc3 Bf5 18. Kh1 Bxd3 19. cxd3 Ng6 20. f5 Ne5 21.
f6 gxf6 22. Qxh6 Qf5 23. Bxe5 dxe5 24. Re3 Qh7 25. Rg3+ Kh8 26. Qxf6+ Qg7 27.
Qxg7# 1-0